000 00441nam a2200181Ia 4500
008 240510s9999 xx 000 0 und d
041 _aEng
082 _a065
082 _bD15
100 _aDANIEL, Norman E., JONES, J. Richard
245 0 _aBusiness Logistics : concepts and viewpoints
260 _bBoston : Allyn & Bacon
260 _c1969
300 _a446 p.
650 _aBusiness Management
942 _2ddc
942 _cLBK
999 _c23553
_d23553
945 _a1
_bMadushi Gamage
_c1
_dMadushi Gamage